Return to the gospel of the water and the Spirit / (Record no. 1918)

MARC details
000 -LEADER
fixed length control field 01299nam a2200265Ia 4500
001 - CONTROL NUMBER
control field 43583041
003 - CONTROL NUMBER IDENTIFIER
control field OCoLC
005 - DATE AND TIME OF LATEST TRANSACTION
control field 20180921182113.0
008 - FIXED-LENGTH DATA ELEMENTS--GENERAL INFORMATION
fixed length control field 000307s1999 ko 000 0 eng d
020 ## - INTERNATIONAL STANDARD BOOK NUMBER
International Standard Book Number 8983140380
040 ## - CATALOGING SOURCE
Original cataloging agency OOY
Transcribing agency OOY
082 ## - DEWEY DECIMAL CLASSIFICATION NUMBER
Classification number 234
Item number J79r
090 ## - LOCALLY ASSIGNED LC-TYPE CALL NUMBER (OCLC); LOCAL CALL NUMBER (RLIN)
Classification number (OCLC) (R) ; Classification number, CALL (RLIN) (NR) BT790
Local cutter number (OCLC) ; Book number/undivided call number, CALL (RLIN) .J651 1999
092 ## - LOCALLY ASSIGNED DEWEY CALL NUMBER (OCLC)
Classification number 234
Item number J73r
100 1# - MAIN ENTRY--PERSONAL NAME
Personal name Jong, Paul C.
245 10 - TITLE STATEMENT
Title Return to the gospel of the water and the Spirit /
Statement of responsibility, etc. Paul C. Jong.
260 ## - PUBLICATION, DISTRIBUTION, ETC.
Place of publication, distribution, etc. Seoul, Korea :
Name of publisher, distributor, etc. Hephzi-bah Publishing House,
Date of publication, distribution, etc. 1999.
300 ## - PHYSICAL DESCRIPTION
Extent 330 p. ;
Dimensions 23 cm.
505 0# - FORMATTED CONTENTS NOTE
Formatted contents note 1. The meaning of the original gospel of being born again (John 3:1-6) -- 2. Pseudos and heretics within Christianity (Isaiah 28:13-14) -- 3. The true spiritual circumcision (Exodus 12:43-49) -- 4. How to make a correct confession of sin (I John 1:9) -- 5. The fallacy in the theory of predestination and divine election (Romans 8:28-30) -- 6. The changed priesthood (Hebrews 7:1-28) -- 7. The baptism of Jesus is the indispensable process for redemption (Mathew 3:13-17) -- 8. Let us do the will of the Father with faith (Matthew 7:21-23) -- 9. Testimony of salvation.
600 00 - SUBJECT ADDED ENTRY--PERSONAL NAME
Personal name Jesus Christ
General subdivision Baptism.
610 20 - SUBJECT ADDED ENTRY--CORPORATE NAME
Corporate name or jurisdiction name as entry element New Life Mission
General subdivision Doctrines.
630 00 - SUBJECT ADDED ENTRY--UNIFORM TITLE
Uniform title Bible.
Name of part/section of a work John, III, 16.
650 #0 - SUBJECT ADDED ENTRY--TOPICAL TERM
Topical term or geographic name entry element Regeneration (Theology)
942 ## - ADDED ENTRY ELEMENTS (KOHA)
Source of classification or shelving scheme Dewey Decimal Classification
Koha item type Books
Holdings
Withdrawn status Lost status Source of classification or shelving scheme Damaged status Not for loan Collection code Home library Current library Shelving location Date acquired Cost, normal purchase price Total Checkouts Full call number Barcode Date last seen Price effective from Koha item type
    Dewey Decimal Classification     Non-fiction Harvest Mission College Harvest Mission College General Stacks 21.09.2018 1000.00   234 J79r 002313 21.09.2018 21.09.2018 Books

OPAC Designed and Maintained by HMC Library Team.
Copyright © HMC Library,Greater Noida, UP.
For any Suggestions/Query Contact library via Email:libhmc@gmail.com